Sports Quiz

Random Sports or NFL Quiz

MLB Minor League Team Quiz Stats

Quiz not verified by Sporcle

Challenge
Share
Tweet
Embed
Score 0/90 Timer 20:00
0 Plays Today
% Correct
Iowa Cubs
51.5%
Scranton
46.5%
Binghamton Mets
45.5%
Rome Braves
44.6%
Mississippi Braves
44.6%
Gwinnett Braves
43.6%
Springfield Cardinals
40.6%
Durham Bulls
39.6%
Memphis Redbirds
34.7%
Indianapolis Indians
34.7%
Las Vegas 51s
31.7%
Reading Phillies
30.7%
Pawtucket Red Sox
30.7%
Columbus Clippers
28.7%
Louisville Bats
27.7%
Albuquerque Isotopes
27.7%
Lehigh Valley IronPigs
24.8%
Omaha Royals
24.8%
Buffalo Bisons
23.8%
Trenton Thunder
23.8%
Colorado Springs Sky Sox
22.8%
Toledo Mud Hens
21.8%
New Hampshire Fisher Cats
21.8%
Norfolk Tides
21.8%
Nashville Sounds
20.8%
New Britain Rock Cats
20.8%
Charlotte Knights
20.8%
Birmingham Barons
18.8%
Burlington Bees
18.8%
New Orleans Zephyrs
17.8%
% Correct
Syracuse Chiefs
17.8%
Salt Lake Bees
17.8%
Sacramento River Cats
17.8%
Peoria Chiefs
16.8%
Round Rock Express
16.8%
Harrisburg Senators
16.8%
Akron Aeros
16.8%
Reno Aces
15.8%
Dayton Dragons
14.9%
Jacksonville Suns
14.9%
Fresno Grizzlies
14.9%
Tacoma Rainiers
14.9%
Hagerstown Suns
13.9%
Chattanooga Lookouts
13.9%
Bowie Baysox
13.9%
Portland Beavers
12.9%
Portland Sea Dogs
12.9%
Lansing Lugnuts
12.9%
Tulsa Drillers
11.9%
Rochester Red Wings
11.9%
Carolina Mudcats
10.9%
Tennessee Smokies
10.9%
Altoona Curve
10.9%
Midland RockHounds
10.9%
Wisconsin Timber Rattlers
9.9%
South Bend Silver Hawks
9.9%
Frisco RoughRiders
9.9%
Kane County Cougars
9.9%
Huntsville Stars
8.9%
Corpus Christi Hooks
8.9%
% Correct
Lakewood BlueClaws
8.9%
West Tenn Diamond Jaxx
8.9%
Oklahoma City RedHawks
7.9%
Montgomery Biscuits
7.9%
San Antonio Missions
6.9%
Clinton LumberKings
6.9%
Erie SeaWolves
6.9%
Savannah Sand Gnats
5.9%
Lexington Legends
5%
West Virginia Power
5%
Greensboro Grasshoppers
5%
Mobile BayBears
5%
Charleston RiverDogs
5%
Arkansas Travelers
5%
West Michigan Whitecaps
5%
Kannapolis Intimidators
5%
Great Lakes Loons
4%
Asheville Tourists
4%
Augusta GreenJackets
4%
Cedar Rapids Kernels
4%
Hickory Crawdads
4%
Lake County Captains
4%
Northwest Arkansas Naturals
4%
Delmarva Shorebirds
4%
Richmond Flying Squirrels
3%
Beloit Snappers
3%
Quad Cities River Bandits
2%
Fort Wayne TinCaps
2%
Greenville Drive
2%
Bowling Green Hot Rods
2%

You're not logged in!

Compare scores with friends on all Sporcle quizzes.
Join for Free
OR
Log In

You Might Also Like...

Show Comments

Extras

Top Quizzes Today


Score Distribution

Your Account Isn't Verified!

In order to create a playlist on Sporcle, you need to verify the email address you used during registration. Go to your Sporcle Settings to finish the process.

Report this User

Report this user for behavior that violates our Community Guidelines.

Details: